| 000 | 00766nam a2200241 a 4500 | ||
|---|---|---|---|
| 001 | BRL_806 | ||
| 005 | 20190320210914.0 | ||
| 008 | 081013s1986----mx-a######---#000-p#spa-# | ||
| 020 | _a9682909457 | ||
| 041 | _aspa | ||
| 044 | _amx | ||
| 050 | 4 |
_aPQ7297 _b.M66 1986 |
|
| 100 | 1 |
_aMontes de Oca, Marco Antonio _d1932- _925000 |
|
| 245 | 1 | 0 |
_aAntología de poemas breves 1953-1984 _cMarco Antonio Montes de Oca. |
| 260 |
_aMéxico, D.F. _bJoaquín Mortiz : SEP, Dirección General de Publicaciones y Medios _c1986 |
||
| 300 |
_a237 p. _c21 cm. |
||
| 440 | 0 |
_aLecturas mexicanas _pSegunda Serie _v46 _925001 |
|
| 500 | _aAu910 | ||
| 650 | 1 | 4 |
_aPoesía mexicana _924255 |
| 740 | 0 | _aAltanoche : Antología de poemas breves 1953-1984 | |
| 902 | _aGRL | ||
| 942 |
_2lcc _cB |
||
| 999 |
_c9618 _d9618 |
||